| 000 -LEADER |
| fixed length control field |
00559nam a22001697a 4500 |
| 020 ## - INTERNATIONAL STANDARD BOOK NUMBER |
| ISBN |
9781503634862 |
| 082 ## - DEWEY DECIMAL CLASSIFICATION NUMBER |
| Classification number |
700 |
| Item number |
En571 2023 |
| 100 ## - MAIN ENTRY--AUTHOR NAME |
| Personal name |
Engberg-Pedersen, Anders, author. |
| 245 ## - TITLE STATEMENT |
| Title |
Martial aesthetics : how war became an art form / Anders Engberg-Pedersen. |
| 250 ## - EDITION STATEMENT |
| Edition statement |
First edition. |
| 260 ## - PUBLICATION, DISTRIBUTION, ETC. (IMPRINT) |
| Place of publication |
Stanford, CA : |
| Name of publisher |
Stanford University Press, |
| Year of publication |
©2023. |
| 300 ## - PHYSICAL DESCRIPTION |
| Number of Pages |
1 online resources, 218 pages : |
| 500 ## - GENERAL NOTE |
| General note |
includes index. |
| 650 ## - SUBJECT ADDED ENTRY--TOPICAL TERM |
| Topical Term |
Aesthetics, Modern – 21st century. |
| 650 ## - SUBJECT ADDED ENTRY--TOPICAL TERM |
| Topical Term |
Art and war – Philosophy. |
| 942 ## - ADDED ENTRY ELEMENTS (KOHA) |
| Koha item type |
Electronic Books |